Professional development plus (Record no. 85453)
[ view plain ]
| 000 -LEADER | |
|---|---|
| fixed length control field | 00881cam a22002175a 4500 |
| 001 - CONTROL NUMBER | |
| control field | L140043 |
| 008 - FIXED-LENGTH DATA ELEMENTS--GENERAL INFORMATION | |
| fixed length control field | 070831s2004 xxk f 000 0 eng d |
| 022 1# - INTERNATIONAL STANDARD SERIAL NUMBER | |
| International Standard Serial Number | 14712032 |
| 035 ## - SYSTEM CONTROL NUMBER | |
| System control number | (Sirsi) u140043 |
| 041 0# - LANGUAGE CODE | |
| Language code of text/sound track or separate title | eng |
| 050 04 - LIBRARY OF CONGRESS CALL NUMBER | |
| Classification number | 690 $2 18 |
| 110 2# - MAIN ENTRY--CORPORATE NAME | |
| Corporate name or jurisdiction name as entry element | Building Research Establishment |
| 245 00 - TITLE STATEMENT | |
| Title | Professional development plus |
| Remainder of title | CD35 Winter 2004 |
| Medium | [electronic resource] |
| 260 ## - PUBLICATION, DISTRIBUTION, ETC. | |
| Place of publication, distribution, etc. | Watford |
| Name of publisher, distributor, etc. | BRE Press |
| Date of publication, distribution, etc. | 2004 |
| 300 ## - PHYSICAL DESCRIPTION | |
| Extent | 1 CD-ROM |
| 505 2# - FORMATTED CONTENTS NOTE | |
| Formatted contents note | Professional development series January-December 2004 -- Digests 330, 367, 426, 477 Parts 4-7, 480-491, special digest 5 -- Good building guides 59 Part 2, and 61-63 -- Information papers 1/04-14/04 -- BRE books January-December 2004 -- FBE reports 2004 |
| 520 ## - SUMMARY, ETC. | |
| Summary, etc. | Contains technical reports and guiance on building and construction practice. |
| 651 #4 - SUBJECT ADDED ENTRY--GEOGRAPHIC NAME | |
| Geographic name | United Kingdom |
| Chronological subdivision | |
| 690 ## - LOCAL SUBJECT ADDED ENTRY--TOPICAL TERM (OCLC, RLIN) | |
| Topical term or geographic name as entry element | BUILT ENVIRONMENT |
| 942 ## - ADDED ENTRY ELEMENTS (KOHA) | |
| Suppress in OPAC | 0 |
| Withdrawn status | Lost status | Source of classification or shelving scheme | Damaged status | Not for loan | Home library | Current library | Shelving location | Date acquired | Total Checkouts | Full call number | Barcode | Date last seen | Copy number | Price effective from | Koha item type |
|---|---|---|---|---|---|---|---|---|---|---|---|---|---|---|---|
| Dewey Decimal Classification | London | London | Enquiry desk | 31/08/2007 | CD-ROM BOX | 30071103 | 06/08/2019 | 1 | 06/08/2019 | Book |